000 00441nam a2200181Ia 4500
001 22638
005 20260414150844.0
008 260414t2008||||xx |||||||||||||| ||spa||
041 _aESP
082 _a621.3822
_bZ92
100 _aZuloaga Izaguirre, Aitzol
_eAUT
245 0 _aSistemas de procesamiento digital
_b
260 _c2008
300 _a273 páginas :
_c24 cm.
650 _aTCA
654 _aCET
942 _cLIB
_dJUS
_fJUS
_2ddc
_n
999 _c22638
_d22638